| 000 | 01126nam a2200277 i 4500 | ||
|---|---|---|---|
| 003 | EG-ScBUE | ||
| 005 | 20231116114342.0 | ||
| 008 | 100721s1993 s o f b 000 0bara d | ||
| 040 |
_aEG-ScBUE _bara _erda _cEG-ScBUE _dEG-ScBUE |
||
| 082 | 0 | 4 |
_222 _a928.1 _bك ت ب |
| 100 | 1 |
_916556 _aكتبي، زهير محمد جميل، _eمؤلف. |
|
| 245 | 1 | 0 |
_aأبو العلا : _bشاعر الأصالة والصدق / _cزهير محمد جميل كتبي. |
| 250 | _aالطبعة الأولى. | ||
| 264 | 1 |
_aمكة المكرمة : _bدار الفنون، _c1993. |
|
| 300 |
_a670 صفحة ؛ _bصور ؛ _c24 سم |
||
| 336 |
_2rdacontent _aنص _btxt |
||
| 337 |
_aبدون وسيط _2rdamedia _bn |
||
| 338 |
_aمجلد _bnc _2rdacarrier |
||
| 504 | _aيشتمل على إرجاعات ببليوجرافية. | ||
| 541 |
_aألف باء ؛ _cشراء ؛ |
||
| 600 | 1 | 7 |
_916558 _aعلي ، أبو العلا. _2BUEsh |
| 650 | 7 |
_916560 _aالشعراء العرب _xتراجم. _2BUEsh |
|
| 650 | 7 |
_914745 _aالشعر العربي _xتاريخ _yالعصر الحديث. _2BUEsh |
|
| 655 | _vReading book | ||
| 942 |
_2ddc _cBB |
||
| 999 |
_c14518 _d14518 |
||